000 00568nam a22001817a 4500
003 OSt
005 20251118110637.0
008 251118b |||||||| |||| 00| 0 eng d
020 _a 971-8510-29-X.
040 _aDWCL-Admin lib
_cOC
082 _aFil. 515.33 B554d 1992
100 _aBesavilla, Venancio I.,Jr
245 _a Differential and integral calculus* /
_cVenancio I. Besavilla, Jr.
260 _aCebu City :
_bVIB Publisher,
_cc1992.
300 _a 449 p. : ill. ;
_c22 cm.
650 _a1. Calculus-Problems, exercises, etc.
942 _2ddc
_cBK-FIL
_kFil.
_n0
999 _c5769
_d5769